000 00432nam a2200121Ia 4500
008 220615s9999||||xx |||||||||||||| ||und||
100 _aXinghua Guo
245 0 _aAdvances in Gas Chromatography
546 _aEnglish[eng]
650 _aPhysical Sciences||Engineering and Technology||Chemistry||Analytical Chemistry||Physical Organic Chemistry
856 _uhttps://www.intechopen.com/books/advances-in-gas-chromatography
942 _cEB
999 _c8629
_d8629